Lịch sử âm nhạc thế giới T1
Đã lưu trong:
| Hovedforfatter: | |
|---|---|
| Institution som forfatter: | |
| Format: | Bog |
| Sprog: | Vietnamese |
| Udgivet: |
Hà Nội
1983
|
| Fag: | |
| Tags: |
Tilføj Tag
Ingen Tags, Vær først til at tagge denne postø!
|
| Thư viện lưu trữ: | Trung tâm Học liệu Lê Vũ Hùng, Trường Đại học Đồng Tháp |
|---|
| LEADER | 00741pam a22002418a 4500 | ||
|---|---|---|---|
| 001 | 00037541 | ||
| 005 | 20171026081025.0 | ||
| 008 | 170513s1983 ||||||viesd | ||
| 041 | 0 | # | |a vie |
| 082 | 1 | 4 | |a 780.9 |b L302S |
| 100 | 1 | # | |a Nguyễn, Xinh |
| 110 | 1 | # | |a Nhạc Viện Hà Nội |
| 245 | 1 | 0 | |a Lịch sử âm nhạc thế giới |c Nguyễn Xinh |n T1 |
| 260 | # | # | |a Hà Nội |c 1983 |
| 300 | # | # | |a 194tr. |c 30 cm |
| 653 | # | # | |a thế giới |
| 653 | # | # | |a âm nhạc |
| 852 | # | # | |b Kho mượn |j KM.0022266 |
| 852 | # | # | |b Kho đọc |j KD.0021188 |
| 852 | # | # | |j KD.0021188 |j KM.0022266 |j KM.0025133 |
| 910 | |d 13/05/2017 | ||
| 980 | # | # | |a Trung tâm Học liệu Lê Vũ Hùng, Trường Đại học Đồng Tháp |